000 00767 a2200205 4500
999 _c207631
_d207631
005 20221028135714.0
008 211007b ||||| |||| 00| 0 eng d
020 _a9781429257213 (casebound)
040 _aLC
_cUNZA
_eRDA
050 _aQH 308.2
_bPRI 2012
245 _aPrinciples of life /
_cDavid M. Hillis, University of Texas at Austin ; David Sadava, Emeritus, The Claremont College ; H. Craig Heller, Stanford University a [and 1 more].
260 _aSunderland :
_bSinauer Associates,
_c2012.
300 _axxxvii, 908 pages [and other various pages] :
_billustrations.
504 _aIncludes index.
650 _a Biology
700 _aHillis, David M.
_eauthor
700 _aSadava, David
_eauthor
700 _aHeller, H. Craig
_eauthor
942 _cBOOK